Nedeštruktívne metódy analýzy a identifikácie historických výtvarných artefaktov

Saved in:
Bibliographic Details
Main Author: Mrkvicová, Martina Anna (Author)
Other Authors: Vizárová, Katarína (Thesis advisor)
Format: Manuscript Book
Language:Slovak
Published: 2022
Subjects:
Online Access:http://is.stuba.sk/zp/portal_zp.pl?podrobnosti=150225
Tags: Add Tag
No Tags, Be the first to tag this record!

MARC

LEADER 00000ntm a22000003a 4500
001 stuzp90376
003 SK-STU
005 20220625211827.9
007 ta
008 150427s2015----xo-----f-mn---000-0-slo-d
040 |a STU  |b slo 
041 0 |a slo 
100 1 |a Mrkvicová, Martina Anna  |u 049380  |4 aut  |U FCHPT Ústav prírodných a syntetických polymérov  |T FCHPT Oddelenie dreva, celulózy a papiera  |X 97467  |U C9380  |Y 129  |7 97467 
242 0 1 |a Non - destructive methods of analysis and identification of historical art artifacts  |y eng 
245 1 0 |a Nedeštruktívne metódy analýzy a identifikácie historických výtvarných artefaktov 
260 |c 2022 
650 4 |a kultúrne dedičstvo  |2 slo 
650 4 |a nedeštruktívne metódy analýzy  |2 slo 
650 4 |a plasty  |2 slo 
650 4 |a plastics  |2 eng 
650 4 |a non-destructive methods of analysis  |2 eng 
650 4 |a cultural heritage  |2 eng 
700 1 |a Vizárová, Katarína  |u 049380  |k Z1  |4 ths  |U FCHPT Ústav prírodných a syntetických polymérov  |T FCHPT Oddelenie dreva, celulózy a papiera  |X 3902  |U C9380  |Y 129  |7 A000003902 
856 4 |u http://is.stuba.sk/zp/portal_zp.pl?podrobnosti=150225